000 00763cam a2200181 4500
001 WB3535-19
008 000000n1999 000 0 eng u
035 _a(Sirsi) u102652
245 _aHouse prices rise by third.
260 _c1999
490 _aTimes Weekend
_v4 September 1999, 1(1)
520 _a An independent report by Deutsche Bank warns that house prices in Britain will rise by almost a third by the end of next year unless the Bank of England raises interest rates sharply. The report predicts that prices could rise by another 30% over the next sixteen months if the Bank does not implement rate rises of at least 6.5%.
650 _aINTEREST RATES
650 _aBANK OF ENGLAND
650 _aHOUSE PRICES
690 _aHOUSING
942 _n0
999 _c61647
_d61647